| 000 | 00347nam a2200145Ia 4500 | ||
|---|---|---|---|
| 008 | 230917s9999||||xx |||||||||||||| ||und|| | ||
| 040 |
_e205896 _aMAIN |
||
| 041 | _aEnglish | ||
| 082 | _a327 M687I | ||
| 100 | _aMishra, M K | ||
| 245 | 0 | _aInternational relations | |
| 260 |
_aJaipur _bRitu Publications _c2012 |
||
| 300 | _a250 p. | ||
| 942 | _cBK | ||
| 999 |
_c174758 _d174758 |
||